RLCS 2024 the complete kit - Statistiques

Statistiques générales
  • Ce quiz a été pris 38 fois
  • Le résultat moyen est 28 sur 69
Statistiques - réponses
REGION/TEAMS REPONSE % Correct
BDS Monkey Moon
100%
KC Vatira
87%
M8 Itachi
84%
KC Atow
81%
KC Rise
81%
BDS Exotiik
77%
M8 Juicy
77%
VITA Radosin
74%
M8 Seikoo
74%
VITA Zen
74%
VITA Alpha
71%
G2 Daniel
65%
OX Joyo
61%
G2 BeastMode
58%
BDS dralli
55%
GEN.G ApparentlyJack
52%
OX Archie
52%
FALCONS RW9
52%
G2 Atomic
48%
OX Oski
48%
PWR bananahead
45%
SPACESTATION LJ
45%
OG Noly
45%
FALCONS Trk
45%
FURIA drufinho
42%
OG JKnaps
42%
LUMINOSITY CHEESE
39%
SPACESTATION Chicago
39%
GEN.G Chronic
39%
OG Comm
39%
GEN.G FirstKiller
39%
SPACESTATION Hockser
39%
FALCONS Kiileerrz
39%
FURIA lostt
39%
PWR Torsos
39%
FURIA Yanxnz
39%
RULE ONE Ahmad
35%
TWISTED MINDS Ahmad
35%
PWR Fever
35%
LUMINOSITY MajicBear
35%
RULE ONE oKhalid
35%
COMPLEXITY reysbull
35%
TEAM SECRET kv1
32%
RULE ONE Nwpo
32%
LUMINOSITY Retals
32%
COMPLEXITY crr
29%
COMPLEXITY dorito
29%
Chiefs kaka
29%
PIONEERS Amphis
26%
TEAM SECRET Brad
26%
PIONEERS Fiberr
26%
LIMITLESS Snowwy
26%
G.GLADIATORS thO
26%
LIMITLESS 2Die4
23%
Chiefs hntr
23%
Elevate Kevin
23%
G;GLADIATORS Maxeew
23%
TEAM SECRET Motta
23%
Elevate Sphinx
23%
LIMITLESS Sweaty
23%
Elevate LCT
19%
TWISTED MINDS m7sn
19%
G.GLADIATORS Virtuoso
19%
TEAM MOBULA VKSailen
19%
TEAM MOBULA Leoro
16%
PIONEERS Scrub
16%
Chiefs finn
13%
TWISTED MINDS Smw
13%
TEAM MOBULA ASN_Rubiix
6%
Aucun quiz correspondant
Distribution des résultats
% des personnes avec chaque résultat
Percentile par nombre de réponses
Votre historique - résultats
Vous n’avez pas pris ce quiz